Gestión y calidad del empleo en las empresas marroquíes del sector privado formal: ¿Qué características y diferencias presentan? (notice n° 2036382)
[ vue normale ]
| 000 -LEADER | |
|---|---|
| fixed length control field | 01271cam a2200181 4500500 |
| 005 - DATE AND TIME OF LATEST TRANSACTION | |
| control field | 20260405000349.0 |
| 041 ## - LANGUAGE CODE | |
| Language code of text/sound track or separate title | fre |
| 042 ## - AUTHENTICATION CODE | |
| Authentication code | dc |
| 100 10 - MAIN ENTRY--PERSONAL NAME | |
| Personal name | Aventur, François |
| Relator term | author |
| 245 00 - TITLE STATEMENT | |
| Title | Gestión y calidad del empleo en las empresas marroquíes del sector privado formal: ¿Qué características y diferencias presentan? |
| 260 ## - PUBLICATION, DISTRIBUTION, ETC. | |
| Date of publication, distribution, etc. | 2026.<br/> |
| 500 ## - GENERAL NOTE | |
| General note | 99 |
| 520 ## - SUMMARY, ETC. | |
| Summary, etc. | El análisis de la encuesta realizada a una muestra representativa de empresas del sector formal marroquí permite trazar un amplio panorama de la diversidad de las estructuras de empleo y de los métodos de gestión de la contratación y la salida de las empresas. En particular, refleja prácticas diferenciadas en cuanto al grado de formalización del empleo según el sector de actividad, el tamaño de las empresas y la cualificación de los puestos de trabajo. Esto lleva a la elaboración de una tipología de empresas en función de la calidad de los empleos y de sus métodos de gestión de la mano de obra. |
| 700 10 - ADDED ENTRY--PERSONAL NAME | |
| Personal name | Berhili, Saad-Ellah |
| Relator term | author |
| 700 10 - ADDED ENTRY--PERSONAL NAME | |
| Personal name | Chamkhi, Amine |
| Relator term | author |
| 786 0# - DATA SOURCE ENTRY | |
| Note | Formation emploi | - | 1 | 2026-02-04 | p. 49-81 | 0759-6340 |
| 856 41 - ELECTRONIC LOCATION AND ACCESS | |
| Uniform Resource Identifier | <a href="https://shs.cairn.info/revista-formation-emploi-2026-1-page-49?lang=es&redirect-ssocas=7080">https://shs.cairn.info/revista-formation-emploi-2026-1-page-49?lang=es&redirect-ssocas=7080</a> |
Pas d'exemplaire disponible.




Réseaux sociaux